书目信息 |
| 题名: |
世界室内装设计资料集 7
|
|
| 作者: | 张景然 主编 | |
| 分册: | ||
| 出版信息: | 北京 中国建筑工业出版社 1992.02 |
|
| 页数: | 208页 | |
| 开本: | 16开 | |
| 丛书名: | ||
| 单 册: | ||
| 中图分类: | TU238.2 | |
| 科图分类: | ||
| 主题词: | 建筑设计 | |
| 电子资源: | ||
| ISBN: | 7-112-01895-1 | |
| 000 | 00608nam0 2200193 45 | |
| 001 | 0012081442 | |
| 005 | 20001208150108.2 | |
| 010 | @a7-112-01895-1@d(5-8集共四册):248.00元 | |
| 100 | @a20001208d1992 km y0chiy0120 ea | |
| 101 | 0 | @achi |
| 105 | @a z 000yy | |
| 200 | 1 | @a世界室内装设计资料集 7@AShi Jie Shi Nei Zhuang She Ji Zi Liao Ji 7@f张景然等主编@FZhang Jing Ran Deng Zhu Bian |
| 210 | @a北京@c中国建筑工业出版社@d1992.02 | |
| 215 | @a208页@d16开 | |
| 606 | 0 | @a建筑设计 |
| 690 | @aTU238.2@v3 | |
| 701 | 0 | @a张景然@4主编 |
| 801 | @aCN@bPftUser@c20001208 | |
| 905 | @dTU238.2@eZH707:7@b517293-302@f10 | |
| 世界室内装设计资料集 7/张景然等主编.-北京:中国建筑工业出版社,1992.02 |
| 208页;16开 |
| ISBN 7-112-01895-1:(5-8集共四册):248.00元 |
| ● |
| 相关链接 |
|
|
|
正题名:世界室内装设计资料集7
索取号:TU238.2/ZH707:7
 
预约/预借
| 序号 | 登录号 | 条形码 | 馆藏地/架位号 | 状态 | 备注 |
| 1 | 517293 | 205172935 | 建筑库101/101建筑库 56排4列5层/ [索取号:TU238.2/ZH707:7] | 在馆 | |
| 2 | 517294 | 205172944 | 自科二线404/404自科库 6排6列2层/ [索取号:TU238.2/ZH707:7] | 在馆 | |
| 3 | 517295 | 205172953 | 建筑与城市规划学院资料室/101建筑库 29排2列2层/ [索取号:TU238.2/ZH707:7] | 在馆 | |
| 4 | 517296 | 205172962 | 建筑与城市规划学院资料室/101建筑库 29排2列2层/ [索取号:TU238.2/ZH707:7] | 在馆 | |
| 5 | 517297 | 205172971 | 建筑库101/101建筑库 56排4列5层/ [索取号:TU238.2/ZH707:7] | 在馆 | |
| 6 | 517298 | 205172980 | 自科二线404/404自科库 6排6列2层/ [索取号:TU238.2/ZH707:7] | 在馆 | |
| 7 | 517299 | 205172999 | 建筑库101/101建筑库 56排4列5层/ [索取号:TU238.2/ZH707:7] | 在馆 | |
| 8 | 517300 | 205173006 | 建筑库101/ [索取号:TU238.2/ZH707:7] | 在馆 | |
| 9 | 517301 | 205173015 | 建筑库101/101建筑库 56排4列5层/ [索取号:TU238.2/ZH707:7] | 在馆 | |
| 10 | 517302 | 205173024 | 建筑库101/101建筑库 56排4列5层/ [索取号:TU238.2/ZH707:7] | 在馆 |